000 00553nam a22001457a 4500
020 _a9351111962
082 _a363.31
100 _aDr. Neeraj Khattri
245 _aMedia in 21st century
260 _aNew Delhi
_bRandon publications
_c2014
300 _a206p
942 _cBK
999 _c2575
_d2575